[Event "4th Chessfestival Gredine 2018"]
[Site "Ortisei"]
[Date "2018.06.20"]
[Round "5.17"]
[White "Jaracz, Barbara"]
[Black "Voltolini, Giuseppe"]
[Result "1/2-1/2"]
[WhiteElo "2246"]
[BlackElo "2150"]
[Annotator "NA"]
[PlyCount "71"]
[EventDate "2018.06.16"]
[EventType "swiss"]
[EventCountry "ITA"]
[SourceTitle "playchess.com"]
[Source "ChessBase"]
[SourceQuality "1"]
[TimeControl "40/5400+30:1800+30"]

1. e4 {[%emt 0:00:30]} e6 {[%emt 0:01:00]} 2. d4 {[%emt 0:00:00]} d5 {[%emt 0:00:30]} 3. Nd2 {[%emt 0:00:00]} Nf6 {[%emt 0:00:00]} 4. e5 {[%emt 0:00:30]} Nfd7 {[%emt 0:00:00]} 5. c3 {[%emt 0:00:30]} c5 {[%emt 0:00:30]} 6. Bd3 {[%emt 0:00:00]} Nc6 {[%emt 0:01:30]} 7. Ne2 {[%emt 0:00:00]} cxd4 {[%emt 0:00:30]} 8. cxd4 {[%emt 0:00:00]} f6 {[%emt 0:00:30]} 9. exf6 {[%emt 0:00:00]} Nxf6 {[%emt 0:00:30]} 10. O-O {[%emt 0:01:30]} Bd6 {[%emt 0:00:30]} 11. Nf3 {[%emt 0:00:30]} Qc7 {[%emt 0:00:30]} 12. Nc3 {[%emt 0:03:30]} a6 {[%emt 0:00:30]} 13. Be3 {[%emt 0:03:30]} O-O {[%emt 0:02:30]} 14. Rc1 {[%emt 0:00:30]} Qe7 {[%emt 0:11:30]} 15. Re1 {[%emt 0:13:30]} Bd7 {[%emt 0:19:30]} 16. a3 {[%emt 0:10:30]} Rae8 {[%emt 0:10:30]} 17. Bg5 {[%emt 0:07:30]} Qd8 {[%emt 0:04:30]} 18. Bb1 {[%emt 0:11:30]} Re7 {[%emt 0:11:30]} 19. Ne5 {[%emt 0:04:30]} Qb8 {[%emt 0:04:30]} 20. f4 {[%emt 0:16:30]} Qa7 {[%emt 0:04:30]} 21. Nxc6 {[%emt 0:00:30]} bxc6 {[%emt 0:00:30]} 22. Na4 {[%emt 0:02:30]} h6 {[%emt 0:01:30]} 23. Bxf6 {[%emt 0:01:30]} Rxf6 {[%emt 0:00:30]} 24. g3 {[%emt 0:00:30]} e5 {[%emt 0:11:39]} 25. fxe5 {[%emt 0:00:30]} Rxe5 {[%emt 0:00:14]} 26. Rxe5 {[%emt 0:00:30]} Bxe5 {[%emt 0:00:10]} 27. Nc5 {[%emt 0:01:30]} Bd6 {[%emt 0:01:42]} 28. Nxd7 {[%emt 0:07:17]} Qxd7 {[%emt 0:00:08]} 29. Qd3 {[%emt 0:01:05]} Qe6 {[%emt 0:01:00]} 30. Kg2 {[%emt 0:03:38]} Bc7 {[%emt 0:02:56]} 31. Qxa6 {[%emt 0:04:39]} Qe3 {[%emt 0:00:44]} 32. Rxc6 {[%emt 0:01:59]} Rxc6 {[%emt 0:00:52]} 33. Qxc6 {[%emt 0:01:07]} Qe2+ {[%emt 0:00:17]} 34. Kh3 {[%emt 0:01:04]} Qh5+ {[%emt 0:00:16]} 35. Kg2 {[%emt 0:00:03]} Qe2+ {[%emt 0:00:07]} 36. Kh3 {[%emt 0:00:02]} 1/2-1/2

[Event "4th Chessfestival Gredine 2018"]
[Site "Ortisei"]
[Date "2018.06.20"]
[Round "5.18"]
[White "Molina, Fabrizio"]
[Black "Behling, Robert"]
[Result "1-0"]
[WhiteElo "2212"]
[BlackElo "2128"]
[Annotator "NA"]
[PlyCount "57"]
[EventDate "2018.06.16"]
[EventType "swiss"]
[EventCountry "ITA"]
[SourceTitle "playchess.com"]
[Source "ChessBase"]
[SourceQuality "1"]
[TimeControl "40/5400+30:1800+30"]

1. d4 {[%emt 0:02:30]} d5 {[%emt 0:01:00]} 2. Bf4 {[%emt 0:00:30]} Nf6 {[%emt 0:00:30]} 3. e3 {[%emt 0:00:30]} c5 {[%emt 0:00:30]} 4. c3 {[%emt 0:00:00]} Nc6 {[%emt 0:00:30]} 5. Nd2 {[%emt 0:00:00]} cxd4 {[%emt 0:00:30]} 6. exd4 {[%emt 0:00:30]} Bf5 {[%emt 0:00:30]} 7. Qb3 {[%emt 0:02:30]} Qc8 {[%emt 0:00:30]} 8. Ngf3 {[%emt 0:00:30]} e6 {[%emt 0:00:00]} 9. Nh4 {[%emt 0:02:30]} Be4 {[%emt 0:00:00]} 10. Nhf3 {[%emt 0:07:30]} Be7 {[%emt 0:09:30]} 11. Nxe4 {[%emt 0:01:30]} Nxe4 {[%emt 0:00:30]} 12. Bd3 {[%emt 0:03:30]} Bd6 {[%emt 0:05:30]} 13. Bxd6 {[%emt 0:07:30]} Nxd6 {[%emt 0:00:30]} 14. h4 {[%emt 0:03:30]} Qc7 {[%emt 0:04:30]} 15. Qc2 {[%emt 0:04:30]} O-O-O {[%emt 0:03:30]} 16. O-O {[%emt 0:10:30]} Kb8 {[%emt 0:10:30]} 17. Rfe1 {[%emt 0:00:30]} g6 {[%emt 0:06:30]} 18. b3 {[%emt 0:01:30]} Rc8 {[%emt 0:00:30]} 19. Qd2 {[%emt 0:00:30]} h6 {[%emt 0:03:30]} 20. c4 {[%emt 0:03:30]} dxc4 {[%emt 0:07:30]} 21. bxc4 {[%emt 0:02:30]} g5 {[%emt 0:01:30]} 22. c5 {[%emt 0:08:30]} Ne8 {[%emt 0:03:30]} 23. Rab1 {[%emt 0:03:30]} Ka8 {[%emt 0:06:30]} 24. hxg5 {[%emt 0:04:30]} Qd8 {[%emt 0:04:30]} 25. Qb2 {[%emt 0:07:30]} Na5 {[%emt 0:00:30]} 26. Be4 {[%emt 0:00:30]} Rb8 {[%emt 0:02:30]} 27. Ne5 {[%emt 0:04:37]} Qc7 {[%emt 0:06:30]} 28. Re3 {[%emt 0:01:24]} f6 {[%emt 0:01:30]} 29. Ra3 {[%emt 0:00:57]} 1-0

[Event "4th Chessfestival Gredine 2018"]
[Site "Ortisei"]
[Date "2018.06.20"]
[Round "5.19"]
[White "Movileanu, Daniela"]
[Black "Kornitzky, Tino"]
[Result "1/2-1/2"]
[WhiteElo "2199"]
[BlackElo "2112"]
[Annotator "NA"]
[PlyCount "75"]
[EventDate "2018.06.16"]
[EventType "swiss"]
[EventCountry "ITA"]
[SourceTitle "playchess.com"]
[Source "ChessBase"]
[SourceQuality "1"]
[TimeControl "40/5400+30:1800+30"]

1. e4 {[%emt 0:00:30]} d5 {[%emt 0:01:00]} 2. exd5 {[%emt 0:00:00]} Qxd5 {[%emt 0:00:00]} 3. Nc3 {[%emt 0:00:00]} Qa5 {[%emt 0:00:00]} 4. d4 {[%emt 0:00:30]} Nf6 {[%emt 0:00:00]} 5. Bc4 {[%emt 0:00:30]} Nc6 {[%emt 0:00:00]} 6. d5 {[%emt 0:03:30]} Nb4 {[%emt 0:02:30]} 7. Nge2 {[%emt 0:07:30]} c6 {[%emt 0:07:30]} 8. dxc6 {[%emt 0:08:30]} Nxc6 {[%emt 0:01:30]} 9. Bd2 {[%emt 0:02:30]} e6 {[%emt 0:12:30]} 10. O-O {[%emt 0:03:30]} Be7 {[%emt 0:07:30]} 11. Nd5 {[%emt 0:06:30]} Qd8 {[%emt 0:02:30]} 12. Nxe7 {[%emt 0:00:00]} Qxe7 {[%emt 0:00:00]} 13. Ng3 {[%emt 0:01:00]} O-O {[%emt 0:03:00]} 14. c3 {[%emt 0:03:30]} b6 {[%emt 0:04:30]} 15. Qe2 {[%emt 0:02:30]} Bb7 {[%emt 0:03:30]} 16. Rfe1 {[%emt 0:02:30]} Rfe8 {[%emt 0:03:30]} 17. Rad1 {[%emt 0:02:30]} h6 {[%emt 0:03:30]} 18. Bd3 {[%emt 0:11:30]} Rad8 {[%emt 0:03:30]} 19. Bb1 {[%emt 0:04:30]} Rd7 {[%emt 0:07:30]} 20. Bf4 {[%emt 0:00:30]} Red8 {[%emt 0:04:30]} 21. h3 {[%emt 0:04:30]} Rxd1 {[%emt 0:02:30]} 22. Rxd1 {[%emt 0:00:30]} Rd7 {[%emt 0:04:30]} 23. Rxd7 {[%emt 0:03:30]} Qxd7 {[%emt 0:00:30]} 24. Qd3 {[%emt 0:00:00]} Qxd3 {[%emt 0:05:30]} 25. Bxd3 {[%emt 0:02:00]} Ne7 {[%emt 0:00:00]} 26. c4 {[%emt 0:04:30]} Kf8 {[%emt 0:03:10]} 27. f3 {[%emt 0:02:30]} Nc6 {[%emt 0:04:08]} 28. a3 {[%emt 0:02:30]} Ke7 {[%emt 0:00:30]} 29. Kf2 {[%emt 0:00:00]} Nd7 {[%emt 0:04:59]} 30. b4 {[%emt 0:03:00]} Nce5 {[%emt 0:00:55]} 31. Be2 {[%emt 0:00:30]} Ba6 {[%emt 0:01:38]} 32. b5 {[%emt 0:01:56]} Bb7 {[%emt 0:00:43]} 33. Bd2 {[%emt 0:02:19]} a5 {[%emt 0:02:33]} 34. Ke3 {[%emt 0:06:40]} f6 {[%emt 0:02:46]} 35. Bc3 {[%emt 0:01:25]} Nf7 {[%emt 0:00:19]} 36. Nf1 {[%emt 0:05:46]} Nd6 {[%emt 0:01:09]} 37. Nd2 {[%emt 0:01:04]} Nc5 {[%emt 0:00:33]} 38. Nb1 1/2-1/2

[Event "4th Chessfestival Gredine 2018"]
[Site "Ortisei"]
[Date "2018.06.20"]
[Round "5.20"]
[White "Wiesinger, Robert"]
[Black "Cappelletto, Joshuaede"]
[Result "1/2-1/2"]
[WhiteElo "2199"]
[BlackElo "2000"]
[Annotator "NA"]
[PlyCount "73"]
[EventDate "2018.06.16"]
[EventType "swiss"]
[EventCountry "ITA"]
[SourceTitle "playchess.com"]
[Source "ChessBase"]
[SourceQuality "1"]
[TimeControl "40/5400+30:1800+30"]

1. e4 {[%emt 0:00:30]} g6 {[%emt 0:03:00]} 2. d4 {[%emt 0:00:00]} Bg7 {[%emt 0:02:30]} 3. Nf3 {[%emt 0:01:00]} d6 {[%emt 0:02:30]} 4. Bc4 {[%emt 0:02:30]} Nc6 {[%emt 0:02:30]} 5. c3 {[%emt 0:04:30]} Nf6 {[%emt 0:04:30]} 6. Qe2 {[%emt 0:00:30]} e5 {[%emt 0:21:30]} 7. O-O {[%emt 1:24:30]} O-O {[%emt 0:02:30]} 8. Bb5 {[%emt 0:00:00]} Nd7 {[%emt 0:09:30]} 9. Be3 {[%emt 0:00:00]} a6 {[%emt 0:03:30]} 10. Bxc6 {[%emt 0:00:00]} bxc6 {[%emt 0:00:30]} 11. Nbd2 {[%emt 0:00:00]} a5 {[%emt 0:07:30]} 12. Rfd1 {[%emt 0:00:00]} Ba6 {[%emt 0:01:30]} 13. c4 {[%emt 0:00:00]} Qe7 {[%emt 0:03:30]} 14. dxe5 {[%emt 0:00:00]} Nxe5 {[%emt 0:00:30]} 15. Bd4 {[%emt 0:00:00]} d5 {[%emt 0:09:30]} 16. Bxe5 {[%emt 0:00:00]} Bxe5 {[%emt 0:00:30]} 17. Nxe5 {[%emt 0:00:00]} Qxe5 {[%emt 0:00:00]} 18. Qd3 {[%emt 0:00:18]} Qxb2 {[%emt 0:09:36]} 19. exd5 {[%emt 0:00:05]} cxd5 {[%emt 0:05:39]} 20. Qxd5 {[%emt 0:00:39]} Rad8 {[%emt 0:01:26]} 21. Qxa5 {[%emt 0:00:56]} Bc8 {[%emt 0:02:56]} 22. Nf1 {[%emt 0:01:18]} Bg4 {[%emt 0:01:58]} 23. f3 {[%emt 0:00:53]} Be6 {[%emt 0:00:30]} 24. Qxc7 {[%emt 0:00:42]} Rc8 {[%emt 0:00:23]} 25. Qd6 {[%emt 0:00:16]} Rxc4 {[%emt 0:00:18]} 26. Ne3 {[%emt 0:00:25]} Rc3 {[%emt 0:00:17]} 27. Qd4 {[%emt 0:02:12]} Rfc8 {[%emt 0:00:44]} 28. a4 {[%emt 0:00:36]} Qb3 {[%emt 0:02:39]} 29. Rdb1 {[%emt 0:00:47]} Rd3 {[%emt 0:00:45]} 30. Rxb3 {[%emt 0:01:19]} Rxd4 {[%emt 0:00:05]} 31. Rba3 {[%emt 0:00:28]} Rd2 {[%emt 0:01:04]} 32. a5 {[%emt 0:00:10]} Rc7 {[%emt 0:01:19]} 33. a6 {[%emt 0:01:11]} Ra7 {[%emt 0:00:09]} 34. Kf1 {[%emt 0:00:40]} Rd6 {[%emt 0:00:44]} 35. Kf2 {[%emt 0:00:25]} Kg7 {[%emt 0:00:19]} 36. Kg3 {[%emt 0:00:23]} h5 {[%emt 0:01:32]} 37. h4 1/2-1/2

[Event "4th Chessfestival Gredine 2018"]
[Site "Ortisei"]
[Date "2018.06.21"]
[Round "6.1"]
[White "Vocaturo, Daniele"]
[Black "Santos Latasa, Jaime"]
[Result "1/2-1/2"]
[WhiteElo "2608"]
[BlackElo "2567"]
[Annotator "TA"]
[PlyCount "67"]
[EventDate "2018.06.16"]
[EventType "swiss"]
[EventCountry "ITA"]
[SourceTitle "playchess.com"]
[Source "ChessBase"]
[SourceQuality "1"]

{[%evp 24,67,29,33,20,26,31,21,31,25,18,27,23,18,14,51,26,2,30,23,35,13,20,10,30,18,28,22,89,39,54,-7,0,0,43,43,43,45,39,10,19,0,7,0,0,-12]} 1. d4 Nf6 2. c4 e6 3. Nf3 d5 4. g3 Bb4+ 5. Bd2 Be7 6. Bg2 c6 7. Qc2 b6 8. O-O Nbd7 9. Bf4 Bb7 10. Rd1 O-O 11. Ne5 Nxe5 {E08: Closed Catalan: Main Line: 7 Qc2} 12. dxe5 Nd7 13. cxd5 {LiveBook: 35 Games} exd5 {White is slightly better.} 14. e4 {[%cal Re4d5]} d4 $1 15. Rxd4 Bc5 $1 {[%cal Rc5d4]} 16. Rd2 {[#] Bh3 is the strong threat.} Qe7 17. Nc3 {[%cal Bb1c3,Bc3e2,Be2d4,Bd4c6][%mdl 32]} Nxe5 18. Rad1 {[#]} g5 $146 ({Predecessor:} 18... Bc8 19. h3 {1-0 (41) Gelfand,B (2724)-Anand,V (2786) Zuerich 2017}) 19. Bxe5 $1 Qxe5 20. Ne2 Bc8 21. Nd4 Bg4 22. Nxc6 Qe6 23. e5 {And now Bd5 would win.} Rac8 24. Bd5 Bxd1 25. Rxd1 Qd7 (25... Qg6 $11 {remains equal.} 26. Qxg6+ hxg6) 26. Be4 Qe6 27. Qa4 (27. Nxa7 $14 Rc7 28. Nb5 (28. Bxh7+ Kg7 $14)) 27... a5 28. a3 Rxc6 29. Qxc6 Qxe5 30. Rd5 Qe7 {next ...f5 is good for Black.} 31. Rf5 Kg7 {The position is equal.} 32. Kg2 Rd8 33. Bd5 f6 34. Rf3 {Precision: White = 44%, Black = 66%.} 1/2-1/2

[Event "4th Chessfestival Gredine 2018"]
[Site "Ortisei"]
[Date "2018.06.21"]
[Round "6.2"]
[White "Pruijssers, Roeland"]
[Black "Saric, Ivan"]
[Result "0-1"]
[WhiteElo "2514"]
[BlackElo "2685"]
[Annotator "TA"]
[PlyCount "158"]
[EventDate "2018.06.16"]
[EventType "swiss"]
[EventCountry "ITA"]
[SourceTitle "playchess.com"]
[Source "ChessBase"]
[SourceQuality "1"]

{[%evp 16,158,17,14,19,20,9,16,16,16,13,6,23,25,40,40,72,72,68,60,83,23,25,0,0,0,0,0,0,0,6,0,0,0,0,0,0,0,0,0,0,-3,-3,-6,0,0,0,-56,-58,-51,-44,-104,-112,-108,-94,-95,-83,-82,-8,-10,-8,-39,-34,-16,-31,-24,-16,-23,-16,-14,0,0,0,0,0,0,0,0,0,0,0,0,0,0,0,0,0,0,0,0,0,0,0,0,0,-62,-62,-62,-62,-62,-62,-62,-62,-62,-62,-62,-62,-62,-62,-62,-62,-62,-62,-62,-62,-62,-62,-62,-8,-276,-276,-276,-276,-276,-280,-29974,-29975,-29974,-29975,-29975,-29975,-29977,-29978,-29978,-29978,-29978,-29979,-29979,-29980,-29980,-29979,-29978,-29979,-29977,-29977]} 1. e4 g6 2. d4 Bg7 3. Nf3 d6 4. Bc4 Nc6 5. h3 Nf6 {[%cal Bg8f6,Bf6h5,Bh5f4][%mdl 32]} 6. Qe2 e5 {B06: Modern Defence} 7. dxe5 Nxe5 8. Nxe5 dxe5 9. O-O {LiveBook: 8 Games} Nh5 10. Qf3 {[%csl Gc4][%cal Rf3f7]} O-O 11. Rd1 Qh4 12. Nc3 c6 13. Be3 {White wants to play Bc5.} Nf4 14. Ne2 {[%cal Re2f4] [#]} b5 $146 15. Bb3 {[%cal Re2f4]} Nxe2+ 16. Qxe2 Qxe4 17. a4 b4 18. g4 (18. Rd6 $16) 18... Bh6 $1 $11 19. Re1 (19. Bc4 {seems wilder.} Bxe3 20. fxe3 Be6 21. Bd3 Qd5 22. Bxg6 Qc5 23. Be4) 19... Bxe3 20. Qxe3 Qxe3 21. Rxe3 Re8 22. Rae1 Bd7 23. Rxe5 Kf8 24. Kf1 a5 25. f4 Rxe5 26. Rxe5 {[%mdl 4096] Endgame KRB-KRB} f6 27. Re3 c5 28. Rd3 Ke7 29. Re3+ Kf8 30. Rd3 Ra7 31. g5 (31. Rd6 $11) 31... fxg5 $1 $15 32. fxg5 Rc7 33. h4 (33. Kf2 $15) 33... Bf5 $1 $17 {[%cal Rf5d3]} 34. Rd8+ Ke7 35. Rh8 Kd6 {Hoping for ...c4.} 36. c3 c4 ({Black should try} 36... Ke5 $17) 37. Bd1 $11 Ke5 38. Ra8 Kf4 39. Rxa5 bxc3 40. bxc3 Ke3 {Threatens to win with ...Kd2.} 41. Rd5 $1 Rb7 42. Rb5 Rf7 43. Ke1 $1 Kd3 44. Be2+ Kxc3 45. Rc5 Bd3 46. Bxd3 Kxd3 {KR-KR} 47. a5 $1 c3 48. Rd5+ Kc2 {aiming for ...Re7+.} 49. a6 Re7+ 50. Kf2 Kc1 {And now ...c2 would win.} 51. Rc5 c2 52. Rc6 Rd7 53. Ke2 $1 Rd2+ (53... Kb2 $5 54. Rb6+ $8 Kc3 55. Rc6+ Kb3 $11) 54. Ke1 $1 Rd8 55. a7 (55. Ke2 $11) 55... Kb2 $15 56. Rb6+ Kc3 57. Rc6+ Kd3 $1 58. Rc7 Re8+ 59. Kf2 Rf8+ 60. Ke1 $1 Rd8 $1 61. Rc6 $1 Ra8 62. Rd6+ Ke3 63. Rc6 Rxa7 {[%cal Ra7a1]} 64. Rc3+ Kf4 {White must now prevent ...Ra1+.} 65. Rxc2 Kg3 66. h5 $1 gxh5 (66... Ra1+ $1 $15 67. Ke2 gxh5) 67. Rc6 $2 {[%mdl 8192]} (67. Rc3+ $1 $11 {and White stays safe.} Kg2 68. Rc2+ Kg1 69. Ke2) 67... h4 $19 {[%cal Bh5h4,Bh4h3][%mdl 32]} 68. Rc3+ {[#]} Kg2 $1 69. Rc2+ {[#]} Kg1 $1 70. Rc4 $2 (70. Ke2 $19 Rf7 71. Rc4 Rf2+ 72. Ke3) 70... Re7+ {Black mates.} 71. Kd2 h3 72. Rg4+ Kf2 73. g6 hxg6 74. Rxg6 Rd7+ 75. Kc2 Rh7 76. Rf6+ Kg3 77. Rg6+ Kf4 78. Rf6+ Kg5 79. Rf1 h2 {Precision: White = 70%, Black = 83%.} 0-1

[Event "4th Chessfestival Gredine 2018"]
[Site "Ortisei"]
[Date "2018.06.21"]
[Round "6.3"]
[White "Tarlev, Konstantin"]
[Black "Kveinys, Aloyzas"]
[Result "1/2-1/2"]
[WhiteElo "2552"]
[BlackElo "2519"]
[Annotator "TA"]
[PlyCount "23"]
[EventDate "2018.06.16"]
[EventType "swiss"]
[EventCountry "ITA"]
[SourceTitle "playchess.com"]
[Source "ChessBase"]
[SourceQuality "1"]

{[%evp 16,23,0,0,15,0,0,0,14,19]} 1. e4 e5 2. Nf3 Nf6 3. d4 Nxe4 4. Bd3 d5 5. Nxe5 Nd7 6. Nc3 Nxc3 7. bxc3 Bd6 8. O-O O-O 9. Re1 {LiveBook: 14 Games. The position is equal.} c6 {C43: Petroff Defence: 3 d4} 10. Bf4 $146 {And now Nxc6! would win.} ({Predecessor:} 10. Qh5 Nf6 11. Qh4 Ne4 12. Qxd8 Rxd8 13. Bxe4 dxe4 14. Nc4 Bf5 15. Na5 Rdb8 16. Bd2 Bc7 17. c4 Bxa5 18. Bxa5 {½-½ (31) Zelcic,R (2514)-Saric,A (2472) Djakovo 2005}) 10... Nxe5 11. dxe5 Be7 12. a4 1/2-1/2

[Event "4th Chessfestival Gredine 2018"]
[Site "Ortisei"]
[Date "2018.06.21"]
[Round "6.4"]
[White "Kumar, Nikhil"]
[Black "Moroni, Luca Jr"]
[Result "1/2-1/2"]
[WhiteElo "2286"]
[BlackElo "2549"]
[Annotator "TA"]
[PlyCount "67"]
[EventDate "2018.06.16"]
[EventType "swiss"]
[EventCountry "ITA"]
[SourceTitle "playchess.com"]
[Source "ChessBase"]
[SourceQuality "1"]

{[%evp 12,67,22,6,20,10,42,7,28,6,7,-10,80,80,89,84,71,70,74,85,79,80,87,80,106,12,18,12,12,10,5,5,5,5,5,0,12,8,45,4,8,0,13,12,14,0,0,0,0,0,0,0,0,0,0,0,0,0]} 1. d4 d5 2. Nf3 e6 3. c4 a6 4. Bg5 Be7 5. Bxe7 Qxe7 6. Nbd2 {D30: Damengambit (ohne Sc3)} Nf6 7. e3 {LiveBook: 9 Partien} b6 $146 ({Vorgänger:} 7... Nbd7 8. Rc1 c6 9. Bd3 O-O 10. Qc2 e5 11. cxd5 cxd5 12. dxe5 Nxe5 13. Nxe5 Qxe5 {½-½ (63) Wojtaszek,R (2734)-Bartel,M (2637) Poland 2017}) 8. Rc1 Bb7 9. Bd3 Nbd7 10. O-O c5 11. Qe2 e5 (11... O-O $11 {bleibt in der Remisbreite.}) 12. dxe5 $16 Nxe5 13. Nxe5 Qxe5 {[#]} 14. cxd5 $1 Nxd5 15. Nc4 Qe7 16. Be4 {Schwarz muss nun Df3 beachten.} Qe6 17. Rfd1 {Droht stark Lxd5.} Rd8 {[#]} 18. Qf3 ({Besser ist} 18. Qc2 $1 $16) 18... O-O $11 19. Nxb6 Qxb6 20. Bxd5 Rxd5 21. Rxd5 Qxb2 22. Rcxc5 Qxa2 23. g3 Bxd5 24. Rxd5 {[%mdl 4096] Endspiel KDT-KDT} a5 25. Qd1 h6 {Die Stellung ist ausgeglichen.} 26. Rd4 Ra8 27. Ra4 Qb2 28. Rxa5 Rxa5 29. Qd8+ Kh7 {( -> ...Db1+)} 30. Qxa5 Qb1+ 31. Kg2 Qe4+ 32. Kg1 Qb1+ $1 33. Kg2 Qe4+ 34. Kg1 {Precision: Weiß = 41%, Schwarz = 54%.} 1/2-1/2

[Event "4th Chessfestival Gredine 2018"]
[Site "Ortisei"]
[Date "2018.06.21"]
[Round "6.5"]
[White "Praggnanandhaa R"]
[Black "Gholami, Aryan"]
[Result "1-0"]
[WhiteElo "2529"]
[BlackElo "2490"]
[Annotator "TA"]
[PlyCount "69"]
[EventDate "2018.06.16"]
[EventType "swiss"]
[EventCountry "ITA"]
[SourceTitle "playchess.com"]
[Source "ChessBase"]
[SourceQuality "1"]

{[%evp 14,69,19,14,17,10,38,15,38,19,54,45,45,40,68,70,73,46,66,68,65,53,111,110,112,115,108,127,187,136,126,121,539,463,461,309,293,300,305,292,324,325,392,383,1083,1075,1063,982,2700,2602,5026,3416,2252,1961,29983,29984,29987,29988]} 1. Nf3 Nf6 2. c4 b6 3. g3 Bb7 4. Bg2 g6 5. d4 Bg7 6. O-O O-O 7. d5 Ne4 {A50: Damenindisch (ohne e7-e6)} (7... e6 8. Nc3 Re8 9. Nd4 exd5 10. cxd5 Na6 11. e4 Nc5 12. Re1 Nxd5 13. exd5 Rxe1+ 14. Qxe1 Bxd4 15. Be3 {0-1 (39) Melkumyan,H (2633)-Mamedyarov,S (2799) Riadh 2017}) 8. Nfd2 {[%cal Bf3d2,Bd2b3,Bb3d4,Bd4b5][%mdl 32] LiveBook: 6 Partien} Nc5 9. Nb3 a5 $146 {Die Stellung ist ausgeglichen.} ({Vorgänger:} 9... Nxb3 10. Qxb3 a5 11. Nc3 d6 12. Be3 Nd7 13. Nb5 Ba6 14. Nd4 Qe8 15. Rac1 {1-0 (51) Kjartansson,G (2435)-Hamitevici,V (2519) Runavik 2017}) 10. Nc3 d6 11. Nd4 Qd7 12. e4 e5 13. Ndb5 Nba6 14. a3 f5 15. f3 (15. exf5 {looks sharper.} gxf5 16. Rb1 a4 17. Bh3 Qe8 18. Be3) 15... fxe4 16. fxe4 Rxf1+ 17. Kxf1 c6 ({Günstiger ist} 17... Qe8 $14) 18. dxc6 $16 Bxc6 19. Kg1 Nc7 20. Be3 N7e6 (20... a4 $16 21. Qxd6 (21. Nxd6 Nb3 $11) 21... Bxb5 22. Qxb6 (22. Nxb5 Qxd6 23. Nxd6 Rd8 $16) 22... Bxc4) 21. b4 ({Bloß nicht} 21. Nxd6 $6 Nd4 $14) ({Jedoch nicht} 21. Qxd6 $6 Bxb5 22. Nxb5 Qxd6 $14) (21. Bh3 $18) 21... axb4 22. axb4 Na6 $2 {[%mdl 8192] [#]} (22... Rxa1 $16 {ist eine bessere Chance.} 23. Qxa1 Nb3) 23. Nd5 Nac7 24. Nbxc7 Rxa1 25. Qxa1 Nxc7 26. Bxb6 ({Keinesfalls} 26. Nxb6 Qg4 $18) 26... Nxd5 27. exd5 Ba4 28. b5 Bc2 $2 (28... Bxb5 29. cxb5 Qxb5) 29. Qa8+ $18 Bf8 30. Be3 Qg4 31. h3 Qd1+ 32. Kh2 {[#] jetzt Lh6 und aus.} Kf7 33. Qb7+ Kf6 34. Qc8 {[%cal Rc8f8]} Kg7 35. Bh6+ {Precision: Weiß = 83%, Schwarz = 26%.} 1-0